Catálogo
 En Linea

Homenaje a Pedro Mir (Registro nro. 49012)

Detalles MARC
000 -CABECERA
campo de control de longitud fija 00784nam a22001937a 4500
003 - IDENTIFICADOR DEL NÚMERO DE CONTROL
campo de control OSt
005 - FECHA Y HORA DE LA ÚLTIMA TRANSACCIÓN
campo de control 20210628225112.0
008 - DATOS DE LONGITUD FIJA--INFORMACIÓN GENERAL
campo de control de longitud fija 201102b 1993 00| 0 eng d
040 ## - FUENTE DE LA CATALOGACIÓN
Centro catalogador/agencia de origen DO-SdBNP
Lengua de catalogación spa
Centro/agencia transcriptor BNPHU
082 ## - NÚMERO DE LA CLASIFICACIÓN DECIMAL DEWEY
Número de documento/Ítem M671h
100 ## - ENTRADA PRINCIPAL--NOMBRE DE PERSONA
Código de función/relación Mir, Pedro,
Fechas asociadas al nombre 1913-2000
9 (RLIN) 77098
245 00 - MENCIÓN DE TÍTULO
Título Homenaje a Pedro Mir
246 00 - FORMA VARIANTE DE TÍTULO
Título propio/Titulo breve Homenaje que le rinde la Universidad Autónoma de Santo Domingo al poeta Pedro Mir al cumplir sus 80 años
260 ## - PUBLICACIÓN, DISTRIBUCIÓN, ETC.
Lugar de publicación, distribución, etc. Santo Domingo :
Nombre del editor, distribuidor, etc. UASD,
Fecha de publicación, distribución, etc. 1993.
300 ## - DESCRIPCIÓN FÍSICA
Extensión 20 p. ;
Dimensiones 22 cm.
500 ## - NOTA GENERAL
Nota general La Universidad Autónoma de Santo Domingo celebra los ochenta años del Poeta Nacional Pedro Mir Valentín: el consejo Universitario declara el día de hoy, de jubilo universitario.
710 ## - PUNTO DE ACCESO ADICIONAL--NOMBRE DE ENTIDAD CORPORATIVA
Nombre de entidad corporativa o nombre de jurisdicción como elemento de entrada Universidad Autónoma de Santo Domingo
9 (RLIN) 76692
942 ## - ELEMENTOS DE PUNTO DE ACCESO ADICIONAL (KOHA)
Fuente del sistema de clasificación o colocación Dewey Decimal Classification
Tipo de ítem Koha Libro
Existencias
Estado de retiro Estado de pérdida Fuente del sistema de clasificación o colocación No para préstamo Código de colección Localización permanente Ubicación/localización actual Ubicación en estantería Fecha de adquisición Fuente de adquisición Total de préstamos Signatura topográfica completa Fecha visto por última vez Precio válido a partir de Tipo de ítem Koha
    Dewey Decimal Classification   Monografías: Libros y Folletos Biblioteca Nacional Pedro Henríquez Ureña Patrimonio Dominicano En catalogación 02.11.2020 Manuel Ortiz   M671h 02.11.2020 02.11.2020 Libro

Con tecnología Koha